Chov ošípaných

Bibliographic Details
Main Author: Dobrochotov, G. N. (Author)
Other Authors: Juran, Miroslav, 1914-1970 (Translator)
Format: Book
Language:Slovak
Russian
PhysicalDescription:169, [4] s. [2] plány V. 8°
Published: Turčiansky Sv. Martin Matica slovenská 1950
Edition:1. vyd.
Series:Praktická knižnica Matičného čítania
Subjects:

MARC

LEADER 00000cam a2200000 a 4500
001 vtls008368672
003 SK-MaSNL
005 20260302041559.0
008 230403s1950 xo 000 0 slo
015 |a SNBA19451955-002049 
035 |a SK01SNKBKSFS20020060889 
035 |a urn:nbn:sk:snk-am3hu0g 
035 |a C093EAD9-7D45-4183-8D27-AD601E7FBFE3 
035 |a urn:nbn:sk:snk-am00d9af 
035 |a SKM000063352 
040 |a SNK  |b slo  |c SNK  |e AACR2 
041 1 |a slo  |h rus 
044 |a xo  |c SK 
080 |a 636.4  |2 1981 
100 1 |a Dobrochotov, G. N.  |4 aut  |9 693325 
240 1 0 |a Rabota na svinevodčeskoj ferme  |l Slovensky 
245 1 0 |a Chov ošípaných  |c G.N. Dobrochotov ; [preložil Miroslav Juran] 
250 |a 1. vyd. 
260 |a Turčiansky Sv. Martin  |b Matica slovenská  |c 1950  |e Turčiansky Sv. Martin  |f Neografia 
300 |a 169, [4] s.  |b [2] plány  |c V. 8° 
490 1 |a Praktická knižnica Matičného čítania  |v sv. 14 
500 |a Preložené z ruštiny 
650 0 7 |a ošípané  |2 SNKPH  |9 2795 
650 0 7 |a chov hospodárskych zvierat  |2 SNKPH  |9 2802 
655 7 |a príručky  |2 SNKPH  |9 74364 
700 1 |a Juran, Miroslav,  |d 1914-1970  |4 trl  |9 42444 
830 0 |a Praktická knižnica Matičného čítania  |9 343496 
852 |a Slovenská národná knižnica 
954 |a odborná, vedecká literatúra cudzojazyčná (svetová)  |2 lita 
958 |a OND 
958 |a RK 
958 |a TL 
958 |a EUIPO 
999 |c 1079331  |d 1081261 
952 |a SNK  |b SNK  |y VYP  |7 0  |p 17A0560522  |o snkSD 5594/14 D1  |i snkKSF 3420/56  |8 5  |0 0  |1 0  |4 0  |d 2007-10-05  |l 0  |r 2026-02-24 16:20:59  |w 2026-02-24 
952 |a SNK  |b SNK  |y VYP  |7 0  |p 17A0560523  |o snkSD 5594/14 D2  |i snkD 1807/62  |8 1  |0 0  |1 0  |4 0  |d 2007-10-05  |l 0  |r 2026-02-24 16:20:59  |w 2026-02-24 
952 |a SNK  |b SNK  |y PREZ  |7 0  |p 17A0909082  |o snkSD 5594/14  |i snk1333/50  |0 0  |1 0  |4 0  |d 2018-11-05  |f 1  |l 0  |r 2025-11-13 00:00:00  |w 2026-02-24